Online
Catalog

Así se juega el domino / (Record no. 16606)

MARC details
000 -CABECERA
campo de control de longitud fija 00549nam a2200169 a 4500
001 - NÚMERO DE CONTROL
campo de control 000017080
005 - FECHA Y HORA DE LA ÚLTIMA TRANSACCIÓN
campo de control 20200929165020.0
008 - DATOS DE LONGITUD FIJA--INFORMACIÓN GENERAL
campo de control de longitud fija 100317s1991 dr a 000 0 spa d
040 ## - FUENTE DE LA CATALOGACIÓN
Centro catalogador/agencia de origen DO-SdBNP
Lengua de catalogación spa
Centro/agencia transcriptor BNPHU
082 ## - NÚMERO DE LA CLASIFICACIÓN DECIMAL DEWEY
Número de clasificación xxx
Número de documento/Ítem H557a
049 ## - FONDOS LOCALES (OCLC)
Fondos de biblioteca BNPD
100 1# - ENTRADA PRINCIPAL--NOMBRE DE PERSONA
Nombre de persona Hernández, Rafael Tomás
9 (RLIN) 36684
245 10 - MENCIÓN DE TÍTULO
Título Así se juega el domino /
Mención de responsabilidad, etc. Rafael Tomás Hernández; prólogo Juan José de la Cruz.
260 ## - PUBLICACIÓN, DISTRIBUCIÓN, ETC.
Lugar de publicación, distribución, etc. Santiago de los Caballeros :
Nombre del editor, distribuidor, etc. Central,
Fecha de publicación, distribución, etc. 1991.
300 ## - DESCRIPCIÓN FÍSICA
Extensión 53 p. :
Otras características físicas il. ;
Dimensiones 21 cm.
700 1# - PUNTO DE ACCESO ADICIONAL--NOMBRE DE PERSONA
Nombre de persona Cruz, Juan José de la
Término indicativo de función/relación pról.
9 (RLIN) 37674
Holdings
Estado de retiro Estado de pérdida No para préstamo Código de colección Localización permanente Ubicación/localización actual Ubicación en estantería Fecha de adquisición Número de inventario Total de préstamos Signatura topográfica completa Código de barras Fecha visto por última vez Número de copia Precio válido a partir de Tipo de ítem Koha
    Excluido de préstamo Patrimonio Dominicano Patrimonio Dominicano Patrimonio Dominicano En catalogación 17.03.2010 LF1   xxx H557a 17080-10 25.06.2020 e. 2 25.06.2020 Libro y Folleto Colección Patrimonio Dominicano
    Excluido de préstamo Patrimonio Dominicano Patrimonio Dominicano Patrimonio Dominicano En catalogación 17.03.2010 LF1   xxx H557a 17080-20 25.06.2020   25.06.2020 Libro y Folleto Colección Patrimonio Dominicano

Powered by Koha